<?xml version="1.0" encoding="UTF-8"?><?xml-stylesheet type="text/xsl" href="static/style.xsl"?><OAI-PMH xmlns="http://www.openarchives.org/OAI/2.0/" xmlns:xsi="http://www.w3.org/2001/XMLSchema-instance" xsi:schemaLocation="http://www.openarchives.org/OAI/2.0/ http://www.openarchives.org/OAI/2.0/OAI-PMH.xsd"><responseDate>2026-06-07T18:58:41Z</responseDate><request verb="GetRecord" identifier="oai:docta.ucm.es:20.500.14352/65699" metadataPrefix="marc">https://docta.ucm.es/rest/oai/request</request><GetRecord><record><header><identifier>oai:docta.ucm.es:20.500.14352/65699</identifier><datestamp>2023-09-28T16:29:48Z</datestamp><setSpec>com_20.500.14352_1</setSpec><setSpec>col_20.500.14352_5</setSpec></header><metadata><record xmlns="http://www.loc.gov/MARC21/slim" xmlns:dcterms="http://purl.org/dc/terms/" xmlns:xsi="http://www.w3.org/2001/XMLSchema-instance" xmlns:doc="http://www.lyncode.com/xoai" xsi:schemaLocation="http://www.loc.gov/MARC21/slim http://www.loc.gov/standards/marcxml/schema/MARC21slim.xsd">
   <leader>00925njm 22002777a 4500</leader>
   <datafield ind2=" " ind1=" " tag="042">
      <subfield code="a">dc</subfield>
   </datafield>
   <datafield ind2=" " ind1=" " tag="720">
      <subfield code="a">Fernández-Pampillón Cesteros, Ana María</subfield>
      <subfield code="e">author</subfield>
   </datafield>
   <datafield ind2=" " ind1=" " tag="260">
      <subfield code="c">2013-12-31</subfield>
   </datafield>
   <datafield ind2=" " ind1=" " tag="520">
      <subfield code="a">El objetivo general del proyecto es aprender a crear Materiales Educativos Digitales (en adelante MED) y cursos virtuales que fomenten la autoformación. Los materiales autoformativos facilitan el aprendizaje y mejoran los resultados académicos. Para lograr el objetivo del proyecto se han realizado las siguientes acciones:
1. Formación del los participantes: tecnologías y diseños didácticos autoformativos
2. Definición de métodos eficaces de creación de cursos virtuales que fomenten el aprendizaje autónomo y colaborativo 
3. Creación de una colección de cursos o unidades autoformativas de muestra (OCW, MOOC,
otros)
4. Creación de una colección de Materiales Educativos Digitales de Calidad de Filología
5. Difusión de resultados en revistas y foros científicos
Los resultados del proyecto pueden consultarse en esta memoria (última página)</subfield>
   </datafield>
   <datafield ind1="8" ind2=" " tag="024">
      <subfield code="a">https://hdl.handle.net/20.500.14352/65699</subfield>
   </datafield>
   <datafield ind1="8" ind2=" " tag="024">
      <subfield code="a">231-2013</subfield>
   </datafield>
   <datafield ind2="0" ind1="0" tag="245">
      <subfield code="a">Metodologías de construcción de cursos virtuales en abierto basadas en la reutilización de repositorios de material didáctico de calidad</subfield>
   </datafield>
</record></metadata></record></GetRecord></OAI-PMH>